00623nam a2200181Ia 4500008004100000040001800041041000800059100001900067245013800086260004900224300001800273490002300291500004400314650001300358651001100371651003200382700002700414130821s1936 cl gr spa  aCo-BoUCMbspa aspa aMassoul, Henri 3aLa lección de Mussolini Cómo muere una democracia, cómo nace una dictaduracHenri Massoul ; traducción de Rafael H. Elizalde aSantiago de Chile (Chile)bEd. Ercillac1936 a209 páginas aBiblioteca Ercilla aNotas bibliográficas al pie del texto04aHistoria aItalia aItaliaxHistoriay1870-1918 aElizalde, Rafael HeTr